Man in Modern Tamil Fiction. (Record no. 3363)

MARC details
000 -LEADER
fixed length control field 00610nam a2200241 a 4500
020 ## - INTERNATIONAL STANDARD BOOK NUMBER
ISBN
082 00 - DEWEY DECIMAL CLASSIFICATION NUMBER
Classification number 844.811
Author Cutter MAN
100 ## - MAIN ENTRY--AUTHOR NAME
Author name Manuel, Vimala
245 ## - TITLE STATEMENT
Title Man in Modern Tamil Fiction.
260 ## - PUBLICATION, DISTRIBUTION, ETC. (IMPRINT)
Place of publication Madras
Name of publisher Christian Literature Society
Year of publication 1973
300 ## - PHYSICAL DESCRIPTION
Number of Pages 57p
500 ## - GENERAL NOTE
General note includes index and biblioraphy
505 2# - FORMATTED CONTENTS NOTE
Formatted contents note cisrs social research series no.11
650 ## - SUBJECT ADDED ENTRY--TOPICAL TERM
Topical Term Tamil Fiction
942 ## - ADDED ENTRY ELEMENTS (KOHA)
Koha item type Books
700 1# -
-- Manuel, Vimala
Holdings
Home library Current library Date acquired Cost, normal purchase price Full call number Accession Number Koha item type
Henry Martyn Institute Library Henry Martyn Institute Library 02/06/2008 100.00 844.811 MAN 06985 E-Books
                   Copyright © 2026 | Henry Martyn Institute | Hyderabad | TS-500052 | INDIA | Implemented by hmi.edu.in
Hit-Count:

Powered by Koha